PAVOL DOBŠINSKÝ.

Bibliographic Details
Main Author: Bodický, Michal, 1852-1935 (Author)
Format: Article
Language:Slovak

MARC

LEADER 00000nab a2200000ua 4500
001 vtls010810924
003 SK-MaSNL
005 20260304213641.0
008 230222s1928 xo |||||||||||||||||slo|
035 |a (urnnbn)urn:nbn:sk:snk:ar-001vdi 
035 |a urn:nbn:sk:snk-ab5g7m 
035 |a (uuid)307d9dc4-b3e8-47f6-8132-c71bbdf583f7 
040 |a SNKBUCL  |b slo  |c SNKBUCL  |e AACR2 
041 0 |a slo 
044 |a xo  |c SK 
100 1 |a Bodický, Michal,  |d 1852-1935  |4 aut  |9 105162 
245 1 0 |a PAVOL DOBŠINSKÝ.  |c M. Bodický 
773 0 |t Sborník Museálnej slovenskej spoločnosti : [príloha k Časopisu Museálnej slovenskej spoločnosti]  |g Roč. 22, č. 1 (1928), s. 87-89 
954 |a odborná, vedecká literatúra pôvodná (slovenská)  |2 lita 
958 |a ONDV 
958 |a article5 
999 |c 3136921  |d 3138851